Statistics for PAOK Best Scorer By Year

Click here to take the quiz!

General Stats

  • This quiz has been taken 99 times
    (7 since last reset)
  • The average score is 18 of 41

Answer Stats

Player% Correct
Aleksandar Prijović
100%
Andrija Živković
100%
Giorgos Koudas
100%
Kiril Despodov
100%
Stefanos Athanasiadis
100%
Vieirinha
100%
Brandon
75%
Khaled Narey
75%
Nélson Oliveira
75%
Zlatan Muslimović
75%
Georgios Georgiadis
50%
Jasmin Kurtić
50%
Karol Świderski
50%
Achilleas Aslanidis
25%
Christos Dimopoulos
25%
Dimitris Nalitzis
25%
Dimitris Salpingidis
25%
Facundo Pereyra
25%
Georgios Kostikos
25%
Giorgos Skartados
25%
Glen Salmon
25%
Ibrahima Bakayoko
25%
Kostas Frantzeskos
25%
Kostas Orfanos
25%
Koulis Apostolidis
25%
Léo Matos
25%
Lucas Pérez
25%
Marcin Mięciel
25%
Mike Small
25%
Milan Đurđević
25%
Milan Luhový
25%
Neto Guerino
25%
Nikolaos Frousos
25%
Panagiotis Kermanidis
25%
Pantelis Kafes
25%
Pantelis Konstantinidis
25%
Paris Zoumboulis
25%
Paul Bannon
25%
Stavros Sarafis
25%
Stefanos Borbokis
25%
Vladimir Ivić
25%

Score Distribution

Percentile by Number Answered

Percent of People with Each Score

Your Score History

You have not taken this quiz since the last reset